书目信息 |
| 题名: |
工程有限元方法
|
|
| 作者: | 李映辉 , 常学平 , 李翔宇 编著 | |
| 分册: | ||
| 出版信息: | 北京 科学出版社 2025.03 |
|
| 页数: | 250页 | |
| 开本: | 26cm | |
| 丛书名: | ||
| 单 册: | ||
| 中图分类: | TB115.1 | |
| 科图分类: | ||
| 主题词: | 有限元法--you xian yuan fa--应用--工程技术 | |
| 电子资源: | ||
| ISBN: | 978-7-03-080579-9 | |
| 000 | 01675nam0 2200277 450 | |
| 001 | 91468 | |
| 005 | 20250817080749.15 | |
| 010 | @a978-7-03-080579-9@dCNY89.00 | |
| 100 | @a20250428d2025 em y0chiy50 ea | |
| 101 | 0 | @achi |
| 102 | @aCN@b110000 | |
| 105 | @aak a 000yy | |
| 106 | @ar | |
| 200 | 1 | @a工程有限元方法@Agong cheng you xian yuan fang fa@f李映辉, 常学平, 李翔宇编著 |
| 210 | @a北京@c科学出版社@d2025.03 | |
| 215 | @a250页@c图@d26cm | |
| 314 | @a李映辉, 工学博士, 西南交通大学教授、博士生导师。长期讲授“计算力学”、“有限元方法”和“数值分析”。历任中国复合材料学会和中国振动工程学会理事, 四川省振动工程学会副理事长等。常学平, 工学博士, 西南石油大学副教授。长期讲授“计算力学”等课程。中国力学学会全国徐芝纶力学优秀教师, 全国周培源大学生力学竞赛优秀指导教师。主要从事计算力学、油气装备结构振动与控制、工程结构设计与分析等方面研究。李翔宇, 双博士学位, 德国“洪堡学者”, 西南交通大学教授, 博士生导师。长期讲授“弹性力学”、“数学物理方法”和“有限元”等课程。主要从事智能材料结构力学方面的研究。担任国际期刊MRC和MAMS编委。 | |
| 320 | @a有书目 | |
| 330 | @a本书共有十一章内容。第1章绪论, 简要介绍有限元方法的发展过程及历史。第2章工程有限元法的数学基础。第3章弹性力学与传热学基础。第4章杆件结构有限元法。第5章连续体有限元法。第6章单元插值函数。第7章等参元与数值积分。第8章有限元应力解的改进。第9章板壳结构有限元法。第10章动力学问题有限元法。第11章热传导和热应力有限元法。 | |
| 606 | 0 | @a有限元法@Ayou xian yuan fa@x应用@x工程技术 |
| 690 | @aTB115.1@v5 | |
| 701 | 0 | @a李映辉@Ali ying hui@4编著 |
| 701 | 0 | @a常学平@Achang xue ping@4编著 |
| 701 | 0 | @a李翔宇@Ali xiang yu@4编著 |
| 801 | 0 | @aCN@c20250909 |
| 905 | @a河南城建学院图书馆@dTB115.1@eL310@f1 | |
| 工程有限元方法/李映辉, 常学平, 李翔宇编著.-北京:科学出版社,2025.03 |
| 250页:图;26cm |
| ISBN 978-7-03-080579-9:CNY89.00 |
| 本书共有十一章内容。第1章绪论, 简要介绍有限元方法的发展过程及历史。第2章工程有限元法的数学基础。第3章弹性力学与传热学基础。第4章杆件结构有限元法。第5章连续体有限元法。第6章单元插值函数。第7章等参元与数值积分。第8章有限元应力解的改进。第9章板壳结构有限元法。第10章动力学问题有限元法。第11章热传导和热应力有限元法。 |
| ● |
| 相关链接 |
|
|
|
正题名:工程有限元方法
索取号:TB115.1/L310
 
预约/预借
| 序号 | 登录号 | 条形码 | 馆藏地/架位号 | 状态 | 备注 |
| 1 | 1625430 | 216254309 | 自科库501/501自科库 2排2列2层/ [索取号:TB115.1/L310] | 在馆 |